| 000 | 00595cam a2200217 a 4500 | ||
|---|---|---|---|
| 001 | 3262165 | ||
| 005 | 20180226032043.0 | ||
| 008 | 830201s1982 nyua b 001 0 eng | ||
| 010 | _a 81051836 | ||
| 020 | _a0312358083 (pbk.) | ||
| 040 |
_aDLC _cDLC _dDLC |
||
| 041 | _aeng | ||
| 080 | _a808.0666 BRU | ||
| 082 | 0 | 0 |
_a808.0666 BRU _219 |
| 100 | 1 | _a25 | |
| 101 | _aEDU | ||
| 245 | 1 | 0 |
_aHandbook of technical writing / _cCharles T. Brusaw, Gerald J. Alred, Walter E. Oliu. |
| 504 | _aBibliography: p. 636-638. | ||
| 906 |
_a7 _bcbc _corignew _d2 _eocip _f19 _gy-gencatlg |
||
| 942 |
_2ddc _cBK |
||
| 999 |
_c43381 _d43381 |
||